| 000 | 00640nam a22002417a 4500 | ||
|---|---|---|---|
| 003 | UA-OsUOA | ||
| 001 | 21146 | ||
| 007 | ta | ||
| 008 | 20031120b un ||||| |||| 00| 0 ukr d | ||
| 090 |
_a94(477).09(084.12) _bН44 |
||
| 942 | _cBK | ||
| 040 |
_aUA-OsUOA _brus _cUA-OsUOA _dUA-OsUOA |
||
| 245 |
_aНезгасна пам'ть _bФотоальбом _cРед. С. К.Горкавий |
||
| 300 |
_a176 с. _bІлюстрації |
||
| 955 | _a0 | ||
| 041 | _arus | ||
| 080 | _a94(477).09(084.12) | ||
| 020 | _a5-7715-0703-2 | ||
| 260 |
_aКиїв _bМистецтво _c1995 |
||
| 044 | _aUA | ||
| 650 | 7 | _2UDC | |
| 999 |
_c307339 _d307339 |
||